Responses for Show #3198 - Wednesday, June 24, 1998

Contestants

[<< previous game]

Dan Kennedy, a systems analyst from Alberta, New York

Tricia Schroyer, a housewife and freelance seamstress from Pensacola, Florida

P.D. Wadler, a psychotherapist from Chicago, Illinois (whose 1-day cash winnings total $9,200)

[next game >>]

Jeopardy! Round responses

FOOD & DRINK
A THAILAND FLING
TRIPLE FEATURES
STRANGE BUT TRUE
A LITTLE KNIGHT MUSIC
"F" WORDS
    $100 7
Tuna

Dan
    $100 12
Boxing

Tricia
    $100 24
The Three Musketeers

Dan
    $100 13
Wasps

P.D.
    $100 6
Lute

Dan
    $100 2
Frank

Dan
    $200 8
Lamb

Dan
    $500 22
Elephant

Dan
    $200 25
(Alex: And we have less than a minute to go.)

Three Faces of Eve

Dan
    $200 14
Claude Monet

Tricia
    $200 16
Tambourine

Tricia
    $200 3
Funny bone

Dan
    $300 9
Root beer

Dan
    $300 23
Spicy

Triple Stumper
    $300 26
Lethal Weapon 3

Tricia
    $300 15
The Mary Celeste

Triple Stumper
    $300 17
(P.D.: What are chimes?)
(Alex: We're going to accept your response since chimes are a synonym of bells.)

Bells

P.D.Tricia
    $300 1
Friend

Tricia
    $400 10
Sesame seeds

Dan
    $400 29
(Tricia: What is 2?)

3

TriciaDan
    $400 27
Three Coins in the Fountain

Tricia
    $400 20
Cargo cults

Dan
    $400 18
Trumpet

P.D.
    $400 4
Flounder

Tricia
    $500 11
Kahlua

Dan
    $500 30
Anna

Dan
    $500 28
Three Women

P.D.
    $500 21
George Washington

Dan
    $500 19
Hurdy gurdy

Tricia
    $500 5
Frets

Tricia

Scores at the first commercial break (after clue 15):

P.D. Tricia Dan
$100 $1,500 $1,900

Scores at the end of the Jeopardy! Round:

P.D. Tricia Dan
$1,300 $2,800 $4,500

Double Jeopardy! Round responses

ZOOLOGY
WRITE ON, SISTER!
COMPUTER LITERACY
FAMOUS AMERICANS
LEAP DAY IN SPORTS
REVOLUTIONARY QUOTES
    $200 30
Bedbugs

Dan
    $200 4
Laura Ingalls Wilder

P.D.
    $200 8
Basic

Tricia
    $200 9
Henry Ford

Dan
    $200 23
Jack Dempsey

Dan
    $200 20
Declaration of Independence

P.D.
    $400 29
(P.D.: What is a butterfly?)

Moth

P.D.Tricia
    $400 3
Patti Davis

P.D.
    $400 10
Binary

Dan
    $400 12
Al Capone

Dan
    $400 25
(Alex: We have less than a minute to go.)

Mark Spitz

P.D.
    $400 21
George III

Dan
    $1,000 5
Warthog

P.D.
    $600 1
Judith Rossner

Triple Stumper
    $600 11
Encrypting

Tricia
    $600 15
Susan B. Anthony

Tricia
    $600 27
Hank Aaron

P.D.
    $600 19
Peace

Dan
    $800 6
Ibis

P.D.
    $800 2
V.C. Andrews

Triple Stumper
    $800 13
Protocol

P.D.
    $800 16
Elizabeth Blackwell

Tricia
    $800 26
Oslo

Tricia
    $2,000 24
Thomas Paine

Dan
    $1000 7
Ferret

Dan
    $1000 18
Frances Hodgson Burnett

Triple Stumper
    $1000 14
Unix

Tricia
    $1000 17
Shubert

P.D.
    $1000 28
Gordie Howe

Dan
    $1000 22
John Adams

Dan

Scores at the end of the Double Jeopardy! Round:

P.D. Tricia Dan
$6,300 $7,200 $11,900

[wagering suggestions for these scores]

Final Jeopardy! Round responses

ENTERTAINMENT
P.D.What is the Cireque de Soleil?
$3,100
TriciaWhat is Cirque du Soleil?
$5,000
DanWhat is Cirque de Soliel?
$3,000
Cirque du Soleil

Final scores:

P.D. Tricia Dan
$9,400 $12,200 $14,900
3rd place: Trip on Amtrak's Coast Starlight between Los Angeles & Seattle 2nd place: Trip to Atlantis Resort, Paradise Island, Bahamas New champion: $14,900

Game dynamics:

Coryat scores:

P.D. Tricia Dan
$5,900 $7,200 $10,400
13 R
(including 1 DD),
1 W
17 R,
1 W
26 R
(including 2 DDs),
0 W

Combined Coryat: $23,500

[game clues] [game scores] [suggest correction]

Game tape date: 1998-03-09
The J! Archive is created by fans, for fans. Scraping, republication, monetization, and malicious use prohibited; this site may use cookies and collect identifying information. See terms. The Jeopardy! game show and all elements thereof, including but not limited to copyright and trademark thereto, are the property of Jeopardy Productions, Inc. and are protected under law. This website is not affiliated with, sponsored by, or operated by Jeopardy Productions, Inc. Join the discussion at JBoard.tv.